000 00550nam a2200193 a 4500
005 20140310183138.0
008 020820s19uu xx 00 eng d
020 _a0026132117
050 _aHG 179
_b.Sp5556 1992
100 _aSpitz, William
245 _aGet rich slowly :
_bbuilding your own personal future thru common sense /
_cWilliam Spitz.
300 _a271 p. :
_bill . ;
_c25 cm.
521 _aBSBA
650 _aFinance, personal
650 _aPortfolio management
650 _aInvestments
942 _cBK
_2lcc
_kFOR
999 _c19345
_d19345